Projekt a realizácia etnologického výskumu v oblasti Vodného diela Žilina

Bibliographic Details
Main Author: Praženicová, Viera (Author)
Format: Article
Language:Slovak
PhysicalDescription:Fotogr.
ISBN:808887713X
Subjects:

MARC

LEADER 00000nab a2200000 a 4500
001 vtls008845527
003 SK-MaSNL
005 20260305035356.0
008 250505c1998 xo | a 000 b|slo
015 |a SNBRA2006/09  |2 snkbucl 
035 |a (uuid)765b3900-dcc9-4829-80e9-be84eebe6196 
035 |a urn:nbn:sk:snk-abd581 
035 |a (urnnbn)urn:nbn:sk:snk:ar-007pv4 
038 |a SNKBUCL 
040 |a SNKBUCL  |b slo  |c SNKBUCL  |e AACR2 
041 0 |a slo  |b eng 
044 |a xo  |c SK 
080 |a 39.001.55  |x (437.6)  |2 1997 
080 |a 572.9  |2 1997 
080 |a 502.8  |2 1997 
100 1 |a Praženicová, Viera  |4 aut  |9 11171 
245 1 0 |a Projekt a realizácia etnologického výskumu v oblasti Vodného diela Žilina  |c Viera Praženicová 
300 |b Fotogr. 
546 |a Res. angl. 
650 0 7 |a etnologický výskum  |2 snkbucl  |9 222677 
651 7 |a Mojšova Lúčka (Žilina, Slovensko)  |2 snkbucl  |9 121636 
651 7 |a Vodné dielo Žilina (Slovensko)  |2 snkbucl  |9 74504 
773 0 |t Vlastivedný zborník Považia. XIX  |d Žilina : Považské múzeum, 1998  |g S. 127-132  |z 808887713X 
850 |a Slovenská národná knižnica 
852 |a Slovenská národná knižnica 
954 |a odborná, vedecká literatúra pôvodná (slovenská)  |2 lita 
958 |a article17 
958 |a OND 
958 |a SK 
958 |a EUIPO 
999 |c 3333554  |d 3335484